000
00575nam a22001577a 4500
020
_a
9789332551893
082
_a
657.3
100
_a
Fraser,Lyn M.
245
_a
Understanding financial statements
250
_a
10th
260
_a
India
_b
Pearson education
_c
2015
300
_a
304
942
_c
BK
999
_c
2519
_d
2519